000 00620cam a2200217 4500500
005 20260329002723.0
041 _afre
042 _adc
100 1 0 _aNathan, Tobie
_eauthor
245 0 0 _aEcologie, communaute et style de vie
260 _c2013.
500 _a25
690 _aArne Næss
690 _aDeep Ecology
690 _aÉcosophie
690 _aEnvironnement
690 _aTerre
690 _aVivant
786 0 _nPhilosophie magazine | 69 | 5 | 2013-05-01 | p. 64-67 | 1951-1787
856 4 1 _uhttps://shs.cairn.info/magazine-philosophie-magazine-2013-5-page-64?lang=fr&redirect-ssocas=7080
999 _c1817731
_d1817731